| 000 | 00838nam a22002292 4500 | ||
|---|---|---|---|
| 001 | 0000025331 | ||
| 005 | 20151021153304.0 | ||
| 008 | 150626s xx 000 0 eng d | ||
| 040 |
_aKABU _cKABU |
||
| 100 | 1 |
_aKoech, David Jewen. _@0000185948 |
|
| 245 | 1 | 0 |
_aEffects of occupational stress on job performance among public primary school teachers in Kuresoi sub-county, Nakuru county / _cby David Jewen Koech. |
| 260 |
_aNakuru : _bKabarak university, _c2014. |
||
| 300 | _axi, 59 p. | ||
| 650 | 0 |
_aTeachers _xJob stress. _@0000185949 |
|
| 650 | 0 |
_aBurn out (psychology) _@0000185950 |
|
| 650 | 0 |
_aStress management _zKenya. _@0000185951 |
|
| 700 | 1 |
_aWaiganjo, Maina. _@0000185896 |
|
| 700 | 1 |
_aKoima, Joel. _@0000185952 |
|
| 908 | _a150626 | ||
| 950 | _@1 | ||
| 999 |
_c1821 _d1821 |
||